| 000 | 01194nam a2200325 a 4500 | ||
|---|---|---|---|
| 001 | 000115588 | ||
| 003 | CHAP | ||
| 005 | 20220329144540.0 | ||
| 008 | 190611s2019 mx a |sm |||||||spa d | ||
| 010 | _a112049 | ||
| 011 | _a113021 | ||
| 040 | _cCHAP | ||
| 090 | _aTesis | ||
| 100 | 1 |
_aDamián Barajas, Adela. _9136012 |
|
| 245 | 1 | 0 |
_aConocimientos tradicionales asociados al maíz de la comunidad de Urapicho en la meseta P'urhepecha _h[En línea] _cpor Adela Damián Barajas. |
| 260 |
_aMorelia, Michoacán, Méx. : _bEl autor, _c2019. |
||
| 500 | _aPara ver el contenido del material haga clic en la liga | ||
| 502 | _aTesis (M.C. en Desarrollo Rural) -- UACH. Dirección General de Control Regional | ||
| 590 |
_aBATCH-UPD _b05 _c20190611 _lUCH01 _h1200 |
||
| 590 |
_aE6339RRR _b05 _c20190611 _lUCH01 _h1159 |
||
| 590 |
_aE6339RRR _b05 _c20190611 _lUCH01 _h1200 |
||
| 650 | 1 | 4 |
_aMaíz como alimento. _971108 |
| 650 | 1 | 4 |
_aMaíz _xCultivo. _970925 |
| 650 | 1 | 4 |
_aMaíz _xMichoacán. _971019 |
| 650 | 1 | 4 |
_aMaíz _xSubproductos _xEvaluación sensorial. _9132705 |
| 856 |
_aFinding aid _uhttp://10.13.5.2/tesis/sist115588.pdf _zTeclea aquí |
||
| 901 | _aBK | ||
| 942 | _cTESIS | ||
| 942 | _n0 | ||
| 999 |
_c112049 _d112049 |
||